Zu Äquivalenzbeziehungen Strafrechtlicher Begriffe. Eine Analyse am Beispiel des Ausgangsbegriffes Körperverletzung

Preklad právnych textov a poukázanie na problémy rovnocennosti právnych pojmov. Pojem Körperverletzung a jeho integrácia v právnych systémoch nemecky hovoriacich krajinách.

Guardado en:
Detalles Bibliográficos
Autor principal: Gašová, Zuzana, 1977-
Formato: Capítulo de libro
Lenguaje:alemán
Materias:
Etiquetas: Agregar Etiqueta
Sin Etiquetas, Sea el primero en etiquetar este registro!

MARC

LEADER 00000naa$a2200000$$$4500
001 0263237
005 20251219122344.4
041 0 |a ger 
044 |a SK 
245 1 0 |a Zu Äquivalenzbeziehungen Strafrechtlicher Begriffe. Eine Analyse am Beispiel des Ausgangsbegriffes Körperverletzung  |c Zuzana Gašová 
520 |a Preklad právnych textov a poukázanie na problémy rovnocennosti právnych pojmov. Pojem Körperverletzung a jeho integrácia v právnych systémoch nemecky hovoriacich krajinách. 
610 2 0 |a legislatíva 
610 2 0 |a prekladateľstvo 
610 2 0 |a terminológia 
610 2 0 |a právo trestné 
100 1 |a Gašová, Zuzana, 1977-